[Event "Schleswig Holstein-chB U18"]
[Site "Neumuenster"]
[Date "2001.04.10"]
[Round "5"]
[White "Doll, Johannes"]
[Black "Loehrmann, Steffen"]
[Result "1-0"]
[WhiteElo "1454"]
[BlackElo "1243"]
[PlyCount "45"]
[EventDate "2001.04.??"]
[EventType "swiss"]
[EventRounds "9"]
[EventCountry "GER"]
[SourceTitle "EXT 2003"]
[Source "ChessBase"]
[SourceDate "2002.11.25"]
[SourceVersion "1"]
[SourceVersionDate "2002.11.25"]
[SourceQuality "1"]

1. e4 c5 2. d4 cxd4 3. c3 dxc3 4. Nxc3 Nc6 5. Nf3 d6 6. Bc4 e6 7. 0-0 Be7 8. Qe2 a6 9. a4 Bd7 10. Rd1 Rc8 11. Bf4 e5 12. Be3 Nf6 13. Rd2 0-0 14. Bg5 Na5 15. Ba2 Qc7 16. Rad1 Bg4 17. Bxf6 Bxf6 18. Rxd6 Rfd8 19. Rxd8+ Rxd8 20. Nd5 Qc6 21. Qd2 Rxd5 22. Bxd5 Qxa4 23. Bb3 1-0

[Event "Schleswig Holstein-chB U18"]
[Site "Neumuenster"]
[Date "2001.04.09"]
[Round "4"]
[White "Loehrmann, Steffen"]
[Black "Kaczenski, Bernd Kristian"]
[Result "1-0"]
[WhiteElo "1243"]
[BlackElo "1614"]
[PlyCount "73"]
[EventDate "2001.04.??"]
[EventType "swiss"]
[EventRounds "9"]
[EventCountry "GER"]
[SourceTitle "EXT 2003"]
[Source "ChessBase"]
[SourceDate "2002.11.25"]
[SourceVersion "1"]
[SourceVersionDate "2002.11.25"]
[SourceQuality "1"]

1. e4 d6 2. d4 Nf6 3. Nc3 c6 4. Nf3 Bg4 5. Be2 Qa5 6. 0-0 e5 7. dxe5 dxe5 8. Bg5 Nbd7 9. Nh4 Bxe2 10. Qxe2 h6 11. Bxf6 Nxf6 12. a3 Qb6 13. b4 Qd4 14. Qf3 Qd2 15. Rac1 Qg5 16. Nf5 g6 17. Ng3 Bg7 18. Rcd1 0-0 19. a4 Rad8 20. Nb1 Nd7 21. a5 Qe7 22. Qb3 Nb8 23. c4 Qe6 24. Na3 b6 25. axb6 axb6 26. Rd3 Rd4 27. Rfd1 Rfd8 28. Rxd4 exd4 29. Nc2 c5 30. bxc5 bxc5 31. Ne3 Nd7 32. Nd5 Nf6 33. Qb5 Re8 34. Ra1 Kh7 35. Ra6 Qd7 36. Nxf6+ Bxf6 37. Qxd7 1-0